| 000 | 00397nam a22001571a 4500 | ||
|---|---|---|---|
| 020 | _a9788171193301 | ||
| 082 |
_aH1 _bSHA/T |
||
| 100 | _aShamsher Bahadur Singh | ||
| 245 |
_aTootee hui bikharee hui/ _cby Shamsher Bahadur Singh |
||
| 260 |
_aNew Delhi: _bRadhakrishna, _c1997. |
||
| 300 | _a168p. | ||
| 650 | _aPoetry Hindi | ||
| 650 | _aLiterature Hindi | ||
| 650 | _aLiterature | ||
| 942 | _cBK | ||
| 999 |
_c47288 _d47288 |
||